000
00268nam a22001337a 4500
041
_a
ENG
100
_a
Liese .W
245
_a
Bamboo Preservation Compendium
260
_a
Delhi
_b
IABAR
_c
2002
300
_a
230
650
_a
FS
700
_a
Kumar .S
856
_u
FS
999
_c
804
_d
804